Empata̕ constitucional Derecho de la Unin̤ Europea y Constitucin̤ Espaǫla /

Detalles Bibliográficos
Autor principal: Arroyo Jimňez, Luis
Formato: eBook
Lenguaje:español
Publicado: Madrid: Marcial Pons, 2016
Materias:
Acceso en línea:Acceso restringido

MARC

LEADER 00000nam a22000007a 4500
005 20220307195752.0
007 cr|||| ||||
008 220307s2016 es |||||s|||| 00||0 spa d
020 |a 978-84-9123-397-8 
035 |a 33629 
040 |a vLex 
090 |c 13056  |d 13056 
100 1 |a Arroyo Jimňez, Luis 
245 1 0 |a Empata̕ constitucional  |h [Recurso electrn̤ico] :  |b Derecho de la Unin̤ Europea y Constitucin̤ Espaǫla /  |c Luis Arroyo Jimňez 
256 |a Servicio en ln̕ea 
260 |a Madrid:  |b Marcial Pons,  |c 2016 
300 |a 1 recurso electrn̤ico 
500 |a El Derecho de la Unin̤ Europea y el Derecho interno son sistemas jurd̕icos abiertos. Cada uno de ellos incorpora elementos procedentes del otro a travš de sus propios dispositivos de comunicacin̤ intersistemt̀ica. Los Tribunales encargados de diseąr esas interfaces deben afrontar esa tarea con la necesaria consideracin̤ de las exigencias institucionales propias, pero tambiň de las ajenas. En esta obra se desarrolla esta idea a props̤ito de tres de las cuestiones sobre las que gira la ms̀ reciente evolucin̤ de la doctrina del Tribunal Constitucional: las relaciones entre los sistemas europeo y nacional de proteccin̤ de los derechos fundamentales, la relevancia constitucional interna de la aplicacin̤ incorrecta del Derecho de la Unin̤ y, en fin, el papel que este l︢timo puede jugar a la hora de justificar y apreciar la especial trascendencia constitucional de los recursos de amparo. 
506 1 |a Disponible solo en los productos indicados  |d vLex Global  |d vLex Global (Academic Edition, excluding Law Schools)  |d vLex Global (U.S. Academic Edition, Law Schools)  |d vLex Global (U.S. Academic Edition, excluding Law Schools)  |d vLex Global (Academic Edition, Law Schools) 
650 0 4 |a Derecho Constitucional  |z Espaą 
740 0 |a vLex Libros (Servicio en ln̕ea) 
856 4 0 |u https://app.vlex.com/#/sources/33629  |z Acceso restringido 
942 |c BOOK 
999 0 |a Constitutional right